Lilibeth y la estrella fugaz / (Registro nro. 14502)
[ vista simple ]
| 000 -LEADER | |
|---|---|
| fixed length control field | 00898nam a22002657a 4500 |
| 003 - CONTROL NUMBER IDENTIFIER | |
| control field | OSt |
| 005 - DATE AND TIME OF LATEST TRANSACTION | |
| control field | 20231207124610.0 |
| 008 - FIXED-LENGTH DATA ELEMENTS--GENERAL INFORMATION | |
| fixed length control field | 110301s2018 dr a 000 0 spa d |
| 020 ## - INTERNATIONAL STANDARD BOOK NUMBER | |
| International Standard Book Number | 9789945195934 |
| 040 ## - CATALOGING SOURCE | |
| Original cataloging agency | DO-SdBNP |
| Language of cataloging | spa |
| Transcribing agency | BPMSU |
| 082 #4 - DEWEY DECIMAL CLASSIFICATION NUMBER | |
| Classification number | Cu863.5 |
| Item number | G993L 2018 |
| Edition number | 22 |
| 100 1# - MAIN ENTRY--PERSONAL NAME | |
| Personal name | Guzmán, Miguelle |
| 245 10 - TITLE STATEMENT | |
| Title | Lilibeth y la estrella fugaz / |
| Statement of responsibility, etc. | Michelle Guzmán ; ilustraciones Yatxel Sánchez |
| 260 ## - PUBLICATION, DISTRIBUTION, ETC. (IMPRINT) | |
| Place of publication, distribution, etc. | Santo Domingo : |
| Name of publisher, distributor, etc. | Loqueleo, |
| -- | Santillana infantil y juvenil, |
| Date of publication, distribution, etc. | 2018. |
| 300 ## - PHYSICAL DESCRIPTION | |
| Extent | 30 p. : |
| Other physical details | ils. ; |
| Dimensions | 20 cm. |
| 490 ## - SERIES STATEMENT | |
| Series statement | Naranja; |
| -- | Narrativa fantástica, |
| Volume/sequential designation | 10 |
| 500 ## - GENERAL NOTE | |
| General note | Incluye datos biográficos de la autora. |
| 521 ## - TARGET AUDIENCE NOTE | |
| Target audience note | A partir de 10 años |
| 590 ## - LOCAL NOTE (RLIN) | |
| Local note | Inventariado, 2023/VM |
| 650 #4 - SUBJECT ADDED ENTRY--TOPICAL TERM | |
| Topical term or geographic name as entry element | Cuentos infantiles cubanos |
| 650 #4 - SUBJECT ADDED ENTRY--TOPICAL TERM | |
| Topical term or geographic name as entry element | Literatura Infantil cubana |
| 700 1# - ADDED ENTRY--PERSONAL NAME | |
| Personal name | Sánchez, Yatxel |
| Relator term | ils. |
| 910 ## - USER-OPTION DATA (OCLC) | |
| User-option data | VMateo V. Control de calidad. BPMSU |
| 942 ## - ADDED ENTRY ELEMENTS (KOHA) | |
| Source of classification or shelving scheme | Dewey Decimal Classification |
| Koha item type | Libros |
| Withdrawn status | Lost status | Source of classification or shelving scheme | Damaged status | Not for loan | Home library | Current library | Date acquired | Total Checkouts | Full call number | Barcode | Date last seen | Price effective from | Koha item type |
|---|---|---|---|---|---|---|---|---|---|---|---|---|---|
| Dewey Decimal Classification | Biblioteca Pública Metropolitana Salomé Ureña | Biblioteca Pública Metropolitana Salomé Ureña | 12/07/2023 | BPMSU CDI Cu863.5 G993L 2018 | BPMSU23120018 | 12/07/2023 | 12/07/2023 | Libros |